[Event "Karl Mala Memorial op 11th"]
[Site "Frankfurt"]
[Date "2008.06.27"]
[Round "3"]
[White "Dyga, Ryszard Adam"]
[Black "Christakopoulos, Vicky"]
[Result "0-1"]
[WhiteElo "1615"]
[BlackElo "1157"]
[PlyCount "66"]
[EventDate "2008.06.26"]
[EventType "swiss"]
[EventRounds "7"]
[EventCountry "GER"]
[SourceTitle "CBM 125 Extra"]
[Source "ChessBase"]
[SourceDate "2008.09.01"]
[SourceVersion "1"]
[SourceVersionDate "2008.09.01"]
[SourceQuality "1"]

1. e4 e5 2. Nf3 Nc6 3. Bc4 Nf6 4. d3 d6 5. Nc3 Bg4 6. h3 Bh5 7. Bg5 Be7 8. g4 Bg6 9. Qe2 Nd4 10. Nxd4 exd4 11. Na4 h6 12. Bh4 Qd7 13. Bxf6 gxf6 14. f4 0-0-0 15. f5 Bh7 16. b3 Rhf8 17. Qd2 d5 18. exd5 b5 19. Qa5 bxc4 20. Qa6+ Kb8 21. bxc4 Bb4+ 22. Kf2 Qe7 23. Qb5+ Kc8 24. Rab1 Qe3+ 25. Kg2 Qe2+ 26. Kg3 Qe3+ 27. Kg2 Qe2+ 28. Kg3 Bd6+ 29. Kh4 Qf2+ 30. Kh5 Bg6+ 31. fxg6 fxg6+ 32. Kxg6 Rg8+ 33. Kf7 Rdf8+ 0-1

[Event "Hessen-ch Gr-F 62nd"]
[Site "Hanau"]
[Date "2008.03.22"]
[Round "4"]
[White "Deller, Yannick"]
[Black "Christakopoulos, Vicky"]
[Result "1-0"]
[WhiteElo "1281"]
[BlackElo "872"]
[PlyCount "135"]
[EventDate "2008.03.21"]
[EventType "swiss"]
[EventRounds "5"]
[EventCountry "GER"]
[SourceTitle "CBM 123 Extra"]
[Source "ChessBase"]
[SourceDate "2008.05.06"]
[SourceVersion "1"]
[SourceVersionDate "2008.05.06"]
[SourceQuality "1"]

1. d4 d5 2. Nf3 Nc6 3. Bf4 Bf5 4. a3 e6 5. e3 Nf6 6. h3 Bd6 7. Bxd6 Qxd6 8. c4 dxc4 9. Bxc4 0-0 10. Nc3 Ne4 11. Nxe4 Bxe4 12. 0-0 e5 13. dxe5 Nxe5 14. Qxd6 cxd6 15. Nxe5 dxe5 16. Rac1 Rad8 17. Rfd1 Rxd1+ 18. Rxd1 Bc2 19. Rd2 Ba4 20. Bd5 b6 21. Kf1 g5 22. Ke2 Kg7 23. b3 Bb5+ 24. Ke1 Rc8 25. Kd1 f6 26. Rc2 Rd8 27. Rd2 h5 28. Bf3 Rxd2+ 29. Kxd2 h4 30. Kc3 Kf7 31. Bd5+ Ke7 32. Kb4 Ba6 33. a4 Kd6 34. Bf3 f5 35. e4 f4 36. Kc3 Kc5 37. b4+ Kd6 38. b5 Bc8 39. Kb4 a5+ 40. bxa6 Bxa6 41. a5 bxa5+ 42. Kxa5 Bf1 43. Kb4 Kc6 44. Kc3 Kc5 45. Kd2 Kd4 46. Ke1 Bd3 47. Kd2 Bxe4 48. Bxe4 Kxe4 49. f3+ Kd4 50. Ke2 e4 51. fxe4 Kxe4 52. Kf2 Kd3 53. Kf3 Kd2 54. Kf2 Kc2 55. Ke2 Kc3 56. Kf3 Kd2 57. Kg4 Ke2 58. Kxg5 Kf2 59. Kxf4 Kxg2 60. Kg4 Kf2 61. Kxh4 Kf3 62. Kg5 Ke4 63. Kg6 Ke5 64. h4 Ke6 65. Kg7 Kf5 66. h5 Kg5 67. h6 Kh5 68. h7 1-0